| 000 | 01323nam a2200325 i 4500 | ||
|---|---|---|---|
| 003 | EG-GICUC | ||
| 005 | 20260211200037.0 | ||
| 008 | 260211s2020 ua ||||fr|||| 00| 0 ara d | ||
| 017 | _a2019/9812 | ||
| 020 | _a978-977-729-747-9 | ||
| 040 |
_a EG-GICUC _bara _c EG-GICUC _d EG-GICUC _erda |
||
| 041 | 0 | _aara | |
| 082 | 0 | 4 |
_221 _a343.3752 _bب ن . م |
| 092 | 0 | 4 | _221 |
| 099 | _aLaw1 10 343.3752 ب ن . م 2020 | ||
| 100 | 0 |
_aبن أحمد محمد _eمؤلف. |
|
| 245 | 1 | 0 |
_aمحكمة الجنايات الاستئنافية ودورها في تحقيق العدالة الجنائية : _bدراسة مقارنة / _cالدكتور بن أحمد محمد. |
| 264 | 1 |
_aالإسكندرية : _bدار الجامعة الجديدة، _c2020. |
|
| 300 |
_a327 صفحة؛ _c24 سم. |
||
| 336 |
_2rda content _atext |
||
| 337 |
_2rda media _aComputer |
||
| 338 |
_2rda carrier _aOnline Resource |
||
| 504 | _a314-289 ببليوجرافيا: صفحات. | ||
| 546 | _aالنص أغلبه باللغة العربية بعض النصوص الإنجليزية والفرنسية | ||
| 650 | 1 | 4 | _aالإجراءات أمام محكمة الجنايات |
| 650 | 1 | 4 | _aالقانون الجنائي |
| 856 | 4 | 0 | _uhttps://fll.law.cu.edu.eg/fulltext/bks/B10-08569.pdf |
| 905 | _a32 | ||
| 942 |
_2ddc _cBK _e21 _n0 |
||
| 999 |
_c62691 _d62691 |
||